BUSINESS FINANCE SIMPLIFIED (Record no. 3427)
[ view plain ]
| 000 -LEADER | |
|---|---|
| fixed length control field | 00274nam a22000977a 4500 |
| 005 - DATE AND TIME OF LATEST TRANSACTION | |
| control field | 20250901165414.0 |
| 008 - FIXED-LENGTH DATA ELEMENTS--GENERAL INFORMATION | |
| fixed length control field | 210324b ||||| |||| 00| 0 eng d |
| 050 ## - LIBRARY OF CONGRESS CALL NUMBER | |
| Classification number | HF550 .S25 2010 |
| 245 ## - TITLE STATEMENT | |
| Title | BUSINESS FINANCE SIMPLIFIED |
| Remainder of title | REVISED AND UPDATED |
| Statement of responsibility, etc. | SALEEMI, NISAR AHMAD |
| 942 ## - ADDED ENTRY ELEMENTS (KOHA) | |
| Source of classification or shelving scheme | Library of Congress Classification |
| Withdrawn status | Lost status | Source of classification or shelving scheme | Damaged status | Not for loan | Home library | Current library | Shelving location | Date acquired | Total checkouts | Full call number | Barcode | Date last seen | Price effective from | Koha item type |
|---|---|---|---|---|---|---|---|---|---|---|---|---|---|---|
| Library of Congress Classification | Main Library | Main Library | 03/24/2021 | HF550 .S25 2010 | PIU0012024 | 03/24/2021 | 03/24/2021 | Books |